[Event "Goodricke op 10th"]
[Site "Kolkata"]
[Date "1999.02.14"]
[Round "9"]
[White "Saritha, M Reddy"]
[Black "Sundararajan, Kidambi"]
[Result "1/2-1/2"]
[WhiteElo "2230"]
[BlackElo "2350"]
[PlyCount "80"]
[EventDate "1999.02.06"]
[EventType "swiss"]
[EventRounds "11"]
[EventCountry "IND"]
[SourceTitle "CBM 069 Extra"]
[Source "ChessBase"]
[SourceDate "1999.05.10"]
[SourceVersion "1"]
[SourceVersionDate "1999.05.10"]
[SourceQuality "1"]

1. d4 Nf6 2. c4 g6 3. Nc3 Bg7 4. e4 d6 5. h3 0-0 6. Bg5 c5 7. d5 h6 8. Be3 e6 9. Bd3 exd5 10. exd5 Nbd7 11. Nf3 a6 12. a4 Nh5 13. g4 Nhf6 14. Qd2 h5 15. g5 Ne8 16. Ne4 Qe7 17. Kf1 Ne5 18. Nxe5 Qxe5 19. Nc3 Bf5 20. Re1 Bxd3+ 21. Qxd3 Qe7 22. Re2 Qd7 23. b3 b5 24. axb5 Bxc3 25. Qxc3 axb5 26. Kg2 Ng7 27. Bc1 Nf5 28. Qf6 Qd8 29. Qxd8 Rfxd8 30. Bb2 bxc4 31. bxc4 Ra4 32. Bf6 Rc8 33. Rc1 Nd4 34. Rb2 Nf5 35. Rcb1 Raa8 36. Rb7 Re8 37. R1b2 Kf8 38. Kh2 Kg8 39. Kg2 Kf8 40. Kh2 Kg8 1/2-1/2

[Event "Goodricke op 10th"]
[Site "Kolkata"]
[Date "1999.02.11"]
[Round "6"]
[White "Komliakov, Viktor"]
[Black "Saritha, M Reddy"]
[Result "1-0"]
[WhiteElo "2460"]
[BlackElo "2230"]
[PlyCount "105"]
[EventDate "1999.02.06"]
[EventType "swiss"]
[EventRounds "11"]
[EventCountry "IND"]
[SourceTitle "CBM 069 Extra"]
[Source "ChessBase"]
[SourceDate "1999.05.10"]
[SourceVersion "1"]
[SourceVersionDate "1999.05.10"]
[SourceQuality "1"]

1. e4 c6 2. d4 d5 3. Nd2 dxe4 4. Nxe4 Nd7 5. Nf3 Ngf6 6. Nxf6+ Nxf6 7. Ne5 Nd7 8. Bf4 Nxe5 9. Bxe5 Bf5 10. Bd3 Bg6 11. 0-0 e6 12. Re1 Bd6 13. Bxg7 Rg8 14. Be5 Bxe5 15. Rxe5 Qxd4 16. Rxe6+ Kf8 17. Re3 Rd8 18. Qc1 Re8 19. Rxe8+ Kxe8 20. Qe3+ Qxe3 21. fxe3 Ke7 22. Bxg6 hxg6 23. Rd1 Rh8 24. h3 Rh5 25. Kf2 Rc5 26. c3 Rf5+ 27. Ke2 Rb5 28. b4 Rg5 29. g4 Re5 30. Kf3 g5 31. h4 gxh4 32. Rh1 Rd5 33. Ke2 c5 34. Rxh4 cxb4 35. cxb4 Kf6 36. a4 Kg6 37. Rh8 Kf6 38. Ra8 a6 39. Rc8 Rd7 40. Rc5 Ke6 41. a5 f6 42. Kf3 Rg7 43. Kf4 Rh7 44. b5 axb5 45. Rxb5 Rc7 46. e4 Ke7 47. g5 fxg5+ 48. Rxg5 Ke6 49. Rg6+ Kf7 50. Rb6 Ke7 51. e5 Ke8 52. Kf5 Rh7 53. a6 1-0

[Event "Goodricke op 10th"]
[Site "Kolkata"]
[Date "1999.02.10"]
[Round "5"]
[White "Sharma, Dinesh Kumar"]
[Black "Saritha, M Reddy"]
[Result "1/2-1/2"]
[WhiteElo "2375"]
[BlackElo "2230"]
[PlyCount "40"]
[EventDate "1999.02.06"]
[EventType "swiss"]
[EventRounds "11"]
[EventCountry "IND"]
[SourceTitle "CBM 069 Extra"]
[Source "ChessBase"]
[SourceDate "1999.05.10"]
[SourceVersion "1"]
[SourceVersionDate "1999.05.10"]
[SourceQuality "1"]

1. Nf3 f5 2. g3 Nf6 3. Bg2 g6 4. 0-0 Bg7 5. d4 0-0 6. c4 d6 7. Nc3 c6 8. Re1 Ne4 9. Qd3 Nxc3 10. Qxc3 e5 11. dxe5 dxe5 12. e4 f4 13. b3 Qe7 14. c5 Na6 15. b4 Nc7 16. Bb2 Nb5 17. Qb3+ Be6 18. Qc2 Bg4 19. Qb3+ Be6 20. Qc2 Bg4 1/2-1/2

[Event "Goodricke op 10th"]
[Site "Kolkata"]
[Date "1999.02.06"]
[Round "1"]
[White "Saritha, M Reddy"]
[Black "Mohota, Nisha"]
[Result "1-0"]
[WhiteElo "2230"]
[BlackElo "2155"]
[PlyCount "145"]
[EventDate "1999.02.06"]
[EventType "swiss"]
[EventRounds "11"]
[EventCountry "IND"]
[SourceTitle "CBM 069 Extra"]
[Source "ChessBase"]
[SourceDate "1999.05.10"]
[SourceVersion "1"]
[SourceVersionDate "1999.05.10"]
[SourceQuality "1"]

1. d4 f5 2. e4 fxe4 3. Nc3 Nf6 4. f3 exf3 5. Nxf3 e6 6. Bd3 Be7 7. Bg5 0-0 8. Qe2 Nc6 9. a3 b6 10. h4 Bb7 11. h5 Qe8 12. 0-0-0 Nd5 13. Qe4 Bxg5+ 14. Nxg5 Nf6 15. Qh4 Ne7 16. Rde1 a6 17. Rhf1 h6 18. Nge4 Nxe4 19. Nxe4 Rxf1 20. Rxf1 Nf5 21. Qg4 Qe7 22. Qg6 Rf8 23. Kb1 Bxe4 24. Bxe4 Rf6 25. Bxf5 exf5 26. Qg3 Qd6 27. Qd3 c5 28. Qxa6 Qxd4 29. Qc8+ Rf8 30. Qc7 c4 31. Re1 f4 32. Qb7 Qd6 33. Ka2 Rb8 34. Rd1 Qxd1 35. Qxb8+ Kh7 36. c3 Qb3+ 37. Kb1 Qd1+ 38. Ka2 Qxh5 39. Qxf4 b5 40. a4 bxa4 41. Qxc4 Qa5 42. Qd3+ Kh8 43. Qxd7 Qg5 44. Qe8+ Kh7 45. Qe4+ g6 46. Ka3 Qc1 47. Qb7+ Kg8 48. Kxa4 Qa1+ 49. Kb3 Qd1+ 50. Kb4 h5 51. b3 g5 52. c4 h4 53. c5 g4 54. Qe4 Kf7 55. c6 h3 56. gxh3 gxh3 57. Qf5+ Ke7 58. Qxh3 Qd6+ 59. Kb5 Qd5+ 60. Kb6 Qd4+ 61. Kb7 Qb4+ 62. Kc8 Qa3 63. Qd7+ Kf6 64. Qd4+ Ke7 65. Qe3+ Kd6 66. Kb7 Qb4+ 67. Qb6 Qe4 68. b4 Ke7 69. Qc5+ Ke8 70. Ka7 Kd8 71. Qd6+ Ke8 72. c7 Qe3+ 73. Kb8 1-0

[Event "Olympiad Women-32"]
[Site "Yerevan"]
[Date "1996.??.??"]
[Round "6"]
[White "Maric, Mirjana"]
[Black "Saritha, M Reddy"]
[Result "1-0"]
[WhiteElo "2320"]
[BlackElo "2115"]
[PlyCount "84"]
[EventDate "1996.09.15"]
[EventType "team-swiss"]
[EventRounds "14"]
[EventCountry "ARM"]
[SourceTitle "EXT 1997"]
[Source "ChessBase"]
[SourceDate "1996.11.15"]
[SourceVersion "1"]
[SourceVersionDate "1996.11.15"]
[SourceQuality "1"]

1. e4 c6 2. d4 d5 3. Nc3 dxe4 4. Nxe4 Nd7 5. Nf3 Ngf6 6. Ng3 e6 7. Bd3 c5 8. 0-0 cxd4 9. Nxd4 Bc5 10. Nf3 0-0 11. b3 b6 12. Bb2 Bb7 13. c4 Be7 14. Qe2 Qc7 15. Ne5 Nxe5 16. Bxe5 Qc6 17. f4 Rad8 18. Rad1 Ng4 19. Kh1 Ne3 20. Be4 Nxf1 21. Bxc6 Nxg3+ 22. hxg3 Rxd1+ 23. Qxd1 Bxc6 24. Qg4 g6 25. Qe2 f6 26. Bc3 Kf7 27. g4 Rd8 28. Kh2 Bd6 29. g3 Rc8 30. b4 h5 31. g5 h4 32. c5 Bc7 33. Bxf6 Bd5 34. Be5 hxg3+ 35. Kxg3 Bxe5 36. Qxe5 Ke7 37. Qf6+ Ke8 38. Qxg6+ Kd7 39. Qf6 bxc5 40. bxc5 Bxa2 41. Qa1 Bd5 42. Qxa7+ Ke8 1-0

[Event "Olympiad Women-32"]
[Site "Yerevan"]
[Date "1996.??.??"]
[Round "12"]
[White "Saritha, M Reddy"]
[Black "Trabert, Bettina"]
[Result "0-1"]
[WhiteElo "2115"]
[BlackElo "2225"]
[PlyCount "114"]
[EventDate "1996.09.15"]
[EventType "team-swiss"]
[EventRounds "14"]
[EventCountry "ARM"]
[SourceTitle "EXT 1997"]
[Source "ChessBase"]
[SourceDate "1996.11.15"]
[SourceVersion "1"]
[SourceVersionDate "1996.11.15"]
[SourceQuality "1"]

1. d4 d5 2. c4 e6 3. Nc3 c6 4. cxd5 exd5 5. Nf3 Bf5 6. Bf4 Nf6 7. e3 Qb6 8. Qc1 Be7 9. Be2 Nbd7 10. h3 h6 11. a3 a5 12. 0-0 0-0 13. Qd2 Ne4 14. Nxe4 Bxe4 15. Ne5 Nxe5 16. Bxe5 a4 17. Rac1 Rfd8 18. Rc3 Bf5 19. Bd3 Bxd3 20. Rxd3 Ra5 21. Qe2 Bf8 22. Rfd1 Rb5 23. R3d2 Rb3 24. Kh1 Ra8 25. Rc1 Qb5 26. Rdc2 Qxe2 27. Rxe2 Ra5 28. Kg1 f6 29. Bc7 Rab5 30. Rcc2 Kf7 31. Bg3 Ke6 32. Kf1 Be7 33. Red2 Bd8 34. Re2 Ba5 35. f3 Rd3 36. Be1 Bxe1 37. Kxe1 Kd6 38. Rcd2 Rbb3 39. Kf2 Rxd2 40. Rxd2 f5 41. h4 g5 42. hxg5 hxg5 43. Ke2 b6 44. Kf2 c5 45. dxc5+ bxc5 46. Ke2 Kc6 47. Rc2 f4 48. exf4 gxf4 49. Kf2 d4 50. g3 d3 51. Rd2 fxg3+ 52. Kxg3 Kd5 53. Kf2 Kd4 54. f4 c4 55. Kf3 Rb8 56. f5 c3 57. bxc3+ Kxc3 0-1

[Event "Olympiad Women-31"]
[Site "Moscow"]
[Date "1994.12.15"]
[Round "13"]
[White "Stasiunaite, Lina"]
[Black "Saritha, M Reddy"]
[Result "1-0"]
[WhiteElo "2150"]
[BlackElo "2110"]
[PlyCount "33"]
[EventDate "1994.12.01"]
[EventType "team-swiss"]
[EventRounds "14"]
[EventCountry "RUS"]
[SourceTitle "EXT 2019"]
[Source "ChessBase"]
[SourceDate "2018.10.10"]
[SourceVersion "1"]
[SourceVersionDate "2018.10.10"]
[SourceQuality "1"]
[WhiteTeam "Lithuania (W)"]
[BlackTeam "India (W)"]
[WhiteTeamCountry "LTU"]
[BlackTeamCountry "IND"]

1. e4 e5 2. Nf3 Nc6 3. Bb5 a6 4. Bxc6 dxc6 5. 0-0 Qd6 6. d4 f6 7. c3 Bg4 8. Nbd2 Ne7 9. Qb3 0-0-0 10. dxe5 fxe5 11. Nc4 Qe6 12. h3 Bxh3 13. Ng5 Qg4 14. Nxh3 Qxe4 15. Ng5 Qf5 16. Nf7 b5 17. Ne3 1-0

[Event "Olympiad Women-31"]
[Site "Moscow"]
[Date "1994.12.08"]
[Round "7"]
[White "Saritha, M Reddy"]
[Black "Alexieva, Silvia"]
[Result "0-1"]
[WhiteElo "2110"]
[BlackElo "2265"]
[PlyCount "68"]
[EventDate "1994.12.01"]
[EventType "team-swiss"]
[EventRounds "14"]
[EventCountry "RUS"]
[SourceTitle "EXT 2019"]
[Source "ChessBase"]
[SourceDate "2018.10.10"]
[SourceVersion "1"]
[SourceVersionDate "2018.10.10"]
[SourceQuality "1"]
[WhiteTeam "India (W)"]
[BlackTeam "Bulgaria (W)"]
[WhiteTeamCountry "IND"]
[BlackTeamCountry "BUL"]

1. d4 Nf6 2. c4 e6 3. Nf3 d5 4. Nc3 Be7 5. cxd5 exd5 6. Bg5 c6 7. Qc2 0-0 8. e3 Nbd7 9. Bd3 Re8 10. 0-0 Nf8 11. Rab1 a5 12. a3 g6 13. b4 axb4 14. axb4 Ne6 15. Bh4 Ng7 16. b5 Bf5 17. bxc6 bxc6 18. Ne5 Rc8 19. Bxf5 Nxf5 20. Bxf6 Bxf6 21. Nd3 Be7 22. Qd1 Bd6 23. Qf3 Rc7 24. Nb4 Nh4 25. Qd1 Qg5 26. g3 Nf5 27. Re1 h5 28. f4 Qd8 29. Qd3 Bxb4 30. Rxb4 Rce7 31. Nd1 Qa5 32. Qc3 Kh7 33. Kf2 Nd6 34. Rb3 Ne4+ 0-1

[Event "Olympiad Women-30"]
[Site "Manila"]
[Date "1992.06.24"]
[Round "14"]
[White "Saritha, M Reddy"]
[Black "Csonkics, Tunde"]
[Result "0-1"]
[WhiteElo "2155"]
[BlackElo "2345"]
[PlyCount "62"]
[EventDate "1992.06.07"]
[EventType "team-swiss"]
[EventRounds "14"]
[EventCountry "PHI"]
[SourceTitle "EXT 2019"]
[Source "ChessBase"]
[SourceDate "2018.10.10"]
[SourceVersion "1"]
[SourceVersionDate "2018.10.10"]
[SourceQuality "1"]
[WhiteTeam "India (W)"]
[BlackTeam "Hungary (W)"]
[WhiteTeamCountry "IND"]
[BlackTeamCountry "HUN"]

1. d4 Nf6 2. c4 e6 3. Nf3 b6 4. a3 Bb7 5. Nc3 d5 6. cxd5 Nxd5 7. Qc2 Nxc3 8. Qxc3 h6 9. Bf4 Bd6 10. Bg3 0-0 11. e3 Nd7 12. Be2 Nf6 13. Qc2 Rc8 14. Rd1 Bxg3 15. hxg3 Qe7 16. Qa4 a6 17. 0-0 c5 18. dxc5 Rxc5 19. Rd2 b5 20. Qb4 Qc7 21. Rfd1 Bd5 22. Ne1 Ne4 23. Rd3 a5 24. Qd4 Rc4 25. Rc3 Nxc3 26. Bxc4 Nxd1 27. Bxd5 Qc1 28. Nd3 Qb1 29. Be4 Nxe3+ 30. Kh2 Ng4+ 31. Kh3 f5 0-1

[Event "Olympiad Women-30"]
[Site "Manila"]
[Date "1992.06.17"]
[Round "9"]
[White "Saritha, M Reddy"]
[Black "Koskela, Niina"]
[Result "1/2-1/2"]
[WhiteElo "2155"]
[BlackElo "2125"]
[PlyCount "73"]
[EventDate "1992.06.07"]
[EventType "team-swiss"]
[EventRounds "14"]
[EventCountry "PHI"]
[SourceTitle "EXT 2019"]
[Source "ChessBase"]
[SourceDate "2018.10.10"]
[SourceVersion "1"]
[SourceVersionDate "2018.10.10"]
[SourceQuality "1"]
[WhiteTeam "India (W)"]
[BlackTeam "Finland (W)"]
[WhiteTeamCountry "IND"]
[BlackTeamCountry "FIN"]

1. d4 Nf6 2. c4 e6 3. Nf3 b6 4. a3 Bb7 5. Nc3 d5 6. cxd5 exd5 7. Qa4+ c6 8. g3 Be7 9. Bg2 0-0 10. 0-0 Re8 11. Rd1 Bd6 12. Qc2 Nbd7 13. b4 Qe7 14. Bb2 Rac8 15. Nh4 g6 16. Qd3 Ne4 17. e3 Qe6 18. Rac1 Ndf6 19. Ne2 Rc7 20. Re1 Qc8 21. Nc3 Nxc3 22. Bxc3 Ba6 23. Qd1 Ne4 24. Bb2 Qd7 25. Nf3 f6 26. Nd2 f5 27. Nf3 Qe7 28. Bf1 Bxf1 29. Kxf1 Nf6 30. Re2 Qe4 31. Rec2 Rec8 32. Kg1 Ng4 33. Ng5 Qe7 34. Nf3 Qe4 35. Ng5 Qe7 36. Nf3 Qe4 37. Ng5 1/2-1/2

[Event "Olympiad Women-29"]
[Site "Novi Sad"]
[Date "1990.11.21"]
[Round "5"]
[White "Yilmaz, Gulsevil"]
[Black "Saritha, M Reddy"]
[Result "1/2-1/2"]
[WhiteElo "2045"]
[BlackElo "2070"]
[PlyCount "84"]
[EventDate "1990.11.17"]
[EventType "team-swiss"]
[EventRounds "14"]
[EventCountry "YUG"]
[SourceTitle "EXT 2019"]
[Source "ChessBase"]
[SourceDate "2018.10.10"]
[SourceVersion "1"]
[SourceVersionDate "2018.10.10"]
[SourceQuality "1"]
[WhiteTeam "Turkey (W)"]
[BlackTeam "India (W)"]
[WhiteTeamCountry "TUR"]
[BlackTeamCountry "IND"]

1. c4 e6 2. Nf3 d5 3. b3 Nf6 4. Bb2 c5 5. e3 Nc6 6. cxd5 exd5 7. Bb5 Bd7 8. 0-0 Be7 9. d4 0-0 10. dxc5 Bxc5 11. Nc3 Bg4 12. Be2 Rc8 13. Nd4 Bxe2 14. Ncxe2 Bd6 15. Nf3 Ne4 16. Ned4 Ne7 17. Qe2 a6 18. a3 Bb8 19. b4 Qd6 20. g3 Ba7 21. Qd3 Qg6 22. Rad1 Nd6 23. Qxg6 hxg6 24. Nb3 Nc4 25. Bc1 Rc7 26. Nfd4 Nd6 27. Rfe1 Rfc8 28. f3 Rc3 29. Kf2 Kf8 30. Bb2 R3c4 31. Rc1 Ke8 32. Ke2 Rxc1 33. Rxc1 Nc4 34. Rb1 Kd7 35. Kd3 Ne5+ 36. Ke2 Nc4 37. g4 f6 38. f4 Kd6 39. Kd3 Nxb2+ 40. Rxb2 Kd7 41. b5 Rc7 42. bxa6 bxa6 1/2-1/2